Technology of Construction of the Marina Shopping Mall in Kuwait

Na minha lista:
Detalhes bibliográficos
Autor principal: ALKOOT, Hassan A.F.A.H.A., 1989- (Author)
Outros Autores: Makýš, Oto, 1962- (Thesis advisor)
Formato: Manuscrito Livro
Idioma:inglês
Publicado em: Bratislava : STU v Bratislave SvF, 2011
Assuntos:
Acesso em linha:VAIS
Tags: Adicionar Tag
Sem tags, seja o primeiro a adicionar uma tag!

MARC

LEADER 00000ntm a22000003a 4500
001 stu229644
005 20150617230149.3
008 110708s2011----xo------------------eng-d
040 |a STU  |b slo 
041 0 |a eng 
044 |a xo 
100 1 |a ALKOOT, Hassan A.F.A.H.A.,  |d 1989-  |4 aut  |u V  |T SvF Stavebná fakulta  |X 60815  |U V  |Y 10  |7 A000060815 
242 0 0 |a Tecgnológia stavby nákupného centra Marina v Kuvajte  |y slo 
245 1 |a Technology of Construction of the Marina Shopping Mall in Kuwait  
260 |a Bratislava :  |b STU v Bratislave SvF,  |c 2011 
650 7 |a stavebné inžinierstvo  |2 stusub 
650 7 |a Civil Engineering  |2 estusub 
700 1 |a Makýš, Oto,  |d 1962-  |4 ths  |u V270  |U SvF Stavebná fakulta  |T SvF Katedra technológie stavieb  |X 832  |U V270  |Y 28  |7 A000000832 
856 4 |a info a plný text  |u http://is.stuba.sk/zp/portal_zp.pl?podrobnosti=64501  |3 VAIS